Statistics for F Answers Quiz #1

Click here to take the quiz!

General Stats

  • This quiz has been taken 46,352 times
    (16,879 since last reset)
  • The average score is 17 of 24

Answer Stats

Clue Answer % Correct
Japan's most famous mountainFuji
95%
One of the U.S. statesFlorida
95%
Pink birdFlamingo
95%
Nordic countryFinland
93%
Italian sports car makerFerrari
92%
Tinker Bell's speciesFairy
89%
Longest bone in the human bodyFemur
88%
This is to cats as canine is to dogsFeline
87%
City that is Germany's financial centerFrankfurt
82%
This is to animals as flora is to plantsFauna
80%
Homer's neighbor or region of BelgiumFlanders
79%
French word for flowerFleur
79%
Islands fought over by Argentina and the UKFalklands
77%
Mussolini's political philosophyFascism
76%
What Aesop wroteFables
72%
City once ruled by the MedicisFlorence
70%
31st century TV showFuturama
63%
Spanish for soccerFĂștbol
63%
Nickname of Prince Andrew's ex-wifeFergie
53%
Senatorial delay tacticFilibuster
50%
North Dakota's largest cityFargo
45%
Bassist for the Red Hot Chili PeppersFlea
42%
He made a "bargain" with the devilFaust
38%
Romance novel cover modelFabio
34%

Score Distribution

Percentile by Number Answered

Percent of People with Each Score

Your Score History

You have not taken this quiz since the last reset